• 首页
  • 本馆介绍
  • 公告通知
  • 最新文献
  • 馆藏检索
  • 电子资源
  • 读者导购
  • 参考咨询
  • 我的图书馆
  • 登录
  • 详细信息显示
  • 放入我的书架
  • 预约/预借图书
  • 作者相关作品
  • 分类相关作品
  • 丛书相关作品
  • 出版社相关作品

书目信息

  • 表格格式
  • 工作单格式
  • 卡片格式
题名:
海水淡化与舰船淡水保障
    
 
作者: 方志刚 , 杨岳平 , 周德佳 编著
分册:  
出版信息: 北京   国防工业出版社  2016.03
页数: 335页
开本: 24cm
丛书名:
单 册:
中图分类: P747 , U674.7
科图分类:
主题词: 海水淡化--应用--军用船--研究
电子资源:
ISBN: 978-7-118-10822-4
000 01114nam0 2200265 450
001 347
005 20180922083020.08
010    @a978-7-118-10822-4@b精装@dCNY98.00
100    @a20160826d2016 em y0chiy50 ea
101 0  @achi
102    @aCN@b110000
105    @aa z 000yy
200 1  @a海水淡化与舰船淡水保障@9hai shui dan hua yu jian chuan dan shui bao zhang@dSeawater desalination and ship freshwater security@f方志刚,杨岳平,周德佳编著@zeng
210    @a北京@c国防工业出版社@d2016.03
215    @a335页@c图@d24cm
330    @a本书在通用海水淡化技术基础上,对舰船用海水淡化技术进行研究、总结和阐述,介绍了世界主要海域海水参数、反渗透海水淡化特点和趋势,分析了国外舰船淡水保障模式、技术现状、特点和趋势,阐述了其相关标准体系构成,提出了相关启示和建议。
510 1  @aSeawater desalination and ship freshwater security@zeng
606 0  @a海水淡化@x应用@x军用船@x研究
690    @aP747@v5
690    @aU674.7@v5
701  0 @a方志刚@9fang zhi gang@4编著
701  0 @a杨岳平@9yang yue ping@4编著
701  0 @a周德佳@9zhou de jia@4编著
801  0 @aCN@b91MARC@c20160826
905    @aMuseLib@dP747@e83
    
    海水淡化与舰船淡水保障=Seawater desalination and ship freshwater security/方志刚,杨岳平,周德佳编著.-北京:国防工业出版社,2016.03
    335页:图;24cm
    
    
    ISBN 978-7-118-10822-4(精装):CNY98.00
    本书在通用海水淡化技术基础上,对舰船用海水淡化技术进行研究、总结和阐述,介绍了世界主要海域海水参数、反渗透海水淡化特点和趋势,分析了国外舰船淡水保障模式、技术现状、特点和趋势,阐述了其相关标准体系构成,提出了相关启示和建议。
●
相关链接 在E读中查询图书 在五车中查询图书 在当当中查询图书 在豆瓣中查询图书


正题名:海水淡化与舰船淡水保障     索取号:P747/83         预约/预借

序号 登录号 条形码 馆藏地/架位号 状态 备注
1 1119454   211194544   第二样本阅览室/ [索取号:P747/83] 在馆    
2 1119455   211194553   第三借阅区/ [索取号:P747/83] 在馆    
3 1119456   211194562   第三借阅区/ [索取号:P747/83] 在馆    
4 1119457   211194571   密集书库-生命科学系/ [索取号:P747/83] 在馆    
5 1119458   211194580   第三借阅区/ [索取号:P747/83] 在馆    
唐山师范学院图书馆 欢迎您!
大连网信软件有限公司© 版权所有